| 000 | 00431nam a2200181Ia 4500 | ||
|---|---|---|---|
| 008 | 170918s9999 xx 000 0 und d | ||
| 020 | _a9780141028200 | ||
| 050 | _bC986na 2007 | ||
| 100 | _aCussler, Clive | ||
| 245 | 4 | _aThe navigator / | |
| 245 | _cby Clive Cussler. | ||
| 260 | _aGreat Britain : | ||
| 260 | _bPenguin Books, | ||
| 260 | _c2007 | ||
| 300 | _a552 pages : | ||
| 300 | _billustrations ; | ||
| 300 | _c17cm. | ||
| 999 |
_c343954 _d343954 |
||